000 00766cam a22002773a 4500
001 5785
003 PGUSA
005 20140828083124.0
008 040618s2004||||xxu|||||s|||||000 1 eng d
040 _aPGUSA
_beng
042 _adc
050 4 _aPS
100 1 _aTwain, Mark,
_d1835-1910
245 1 2 _aA Tramp Abroad — Volume 04
_h[electronic resource] /
_cMark Twain
260 _bProject Gutenberg,
_c2004
500 _aIllustrated.
506 _aPublic domain in the USA.
516 _aElectronic text
653 _aAmericans -- Europe -- Fiction
653 _aHumorous stories
653 _aWalking -- Fiction
653 _aEurope -- Fiction
830 0 _aProject Gutenberg
_v5785
856 4 0 _uhttp://www.gutenberg.org/ebooks/5785
942 _cEB
999 _c235113
_d235113